Historias del presente inmediato : (Registro nro. 57528)

Detalles MARC
000 -LEADER
campo de control de longitud fija 02952cam a22004814i 4500
003 - IDENTIFICADOR DE NÚMERO DE CONTROL
campo de control PE-LiUPU
005 - FECHA Y HORA DE LA ÚLTIMA TRANSACCIÓN
campo de control 20250731183444.0
008 - DATOS DE LONGITUD FIJA--INFORMACIÓN GENERAL
campo de control de longitud fija 150513s2011 sp a r 001 0 spa d
020 ## - NÚMERO INTERNACIONAL ESTÁNDAR DEL LIBRO
Número Internacional Estándar del Libro 9788425223617
035 ## - NÚMERO DE CONTROL DEL SISTEMA
Número de control de sistema (Sirsi) i9788425223617
040 ## - FUENTE DE CATALOGACIÓN
Centro catalogador/agencia de origen PE-LiUPU
Lengua de catalogación spa
Centro/agencia modificador PE-LiUPU
Normas de descripción rda
041 1# - CÓDIGO DE IDIOMA
Código de lengua del texto/banda sonora o título independiente spa
Código de lengua original eng
049 ## - FONDOS LOCALES (OCLC)
Biblioteca depositaria PRUA
082 04 - NÚMERO DE LA CLASIFICACIÓN DECIMAL DEWEY
Número de clasificación 724.6
Cutter V61
100 1# - ENTRADA PRINCIPAL--NOMBRE DE PERSONA
Nombre de persona Vidler, Anthony,
Término indicativo de función/relación autor.
245 10 - MENCIÓN DEL TÍTULO
Título Historias del presente inmediato :
Resto del título la invención del movimiento moderno arquitectónico /
Mención de responsabilidad, etc. Anthony Vidler ; traducción de Moisés Puente.
264 #1 - PRODUCCIÓN, PUBLICACIÓN, DISTRIBUCIÓN, FABRICACIÓN Y COPYRIGHT
Producción, publicación, distribución, fabricación y copyright [Barcelona] :
Nombre del de productor, editor, distribuidor, fabricante Gustavo Gili,
Fecha de producción, publicación, distribución, fabricación o copyright [2011].
300 ## - DESCRIPCIÓN FÍSICA
Extensión 221 páginas :
Otras características físicas ilustraciones ;
Dimensiones 21 centímetros
336 ## - TIPO DE CONTENIDO
Término de tipo de contenido text
Fuente rdacontent
337 ## - TIPO DE MEDIO
Nombre/término del tipo de medio unmediated
Fuente rdamedia
338 ## - TIPO DE SOPORTE
Nombre/término del tipo de soporte volume
Fuente rdacarrier
505 0# - NOTA DE CONTENIDO CON FORMATO
Nota de contenido con formato Autonomía -- Neoclasicismo y autonomía -- De kant a le corbusier -- Análisis estructural -- De kaufmann Johnson y Rossi -- Autonomía resucitada -- Un palladio inglés -- Palladismo moderno -- Palladio en diagramas -- Matemáticas -- La invención del movimiento moderno -- Manierismo -- El fin del movimiento moderno -- Movimiento moderno maniesrista: James Stirling -- El pintoresquismo moderno -- Historicismo frente a funcionalismo -- Movimiento moderno funcionalista -- Futurismo resucitado -- Teorías y diseño -- Programa, ciencia e historia -- "Une architecture autre" -- Más allá de la arquitectura: Banham en los Ángeles -- Arquitecto e historiador -- La revisión de la historia -- El eclipse y el auge de la historia -- Ideología y utopía -- Angustia -- Desencantos -- ¿Posmoderno o posthistoire?.
526 ## - NOTA DE INFORMACIÓN SOBRE EL PROGRAMA DE ESTUDIO
Nombre del programa Maestría Bim Facility Management (A distancia)
526 ## - NOTA DE INFORMACIÓN SOBRE EL PROGRAMA DE ESTUDIO
Nombre del programa
526 ## - NOTA DE INFORMACIÓN SOBRE EL PROGRAMA DE ESTUDIO
Nombre del programa Educación musical y artes
526 ## - NOTA DE INFORMACIÓN SOBRE EL PROGRAMA DE ESTUDIO
Nombre del programa Educación, especialidad educación física
526 ## - NOTA DE INFORMACIÓN SOBRE EL PROGRAMA DE ESTUDIO
Nombre del programa Arquitectura
534 ## - NOTA SOBRE LA VERSIÓN ORIGINAL
Encabezamiento principal del original
Frase introductoria Título original :
Mención de título del original Histories of the immediate present. Inventing architectural modernism.
541 ## - NOTA DE FUENTE DE ADQUISICIÓN DIRECTA
-- 003-000776;
541 ## - NOTA DE FUENTE DE ADQUISICIÓN DIRECTA
-- 0020-0000434;
596 ## -
-- 1
650 #7 - PUNTO DE ACCESO ADICIONAL DE MATERIA--TÉRMINO DE MATERIA
Término de materia o nombre geográfico como elemento de entrada Arquitectura
Subdivisión general Teoría.
Fuente del encabezamiento o término embne
9 (RLIN) 4393
650 #7 - PUNTO DE ACCESO ADICIONAL DE MATERIA--TÉRMINO DE MATERIA
Término de materia o nombre geográfico como elemento de entrada Arquitectura
Subdivisión cronológica S.XX.
Fuente del encabezamiento o término embne
650 #7 - PUNTO DE ACCESO ADICIONAL DE MATERIA--TÉRMINO DE MATERIA
Término de materia o nombre geográfico como elemento de entrada Crítica arquitectónica.
Fuente del encabezamiento o término embne
9 (RLIN) 5300
700 1# - ENTRADA AGREGADA--NOMBRE PERSONAL
Nombre de persona Puente, Moisés,
Término indicativo de función/relación traductor.
910 ## - DATOS DE OPCIÓN DEL USUARIO (OCLC)
Datos de opción del usuario aas
-- jck
-- aas
-- 20150513
942 ## - ELEMENTOS DE ENTRADA SECUNDARIOS (KOHA)
Fuente del sistema de clasificación o colocación Clasificación Decimal Dewey
Tipo de ítem Koha
949 ## - PROCESAMIENTO DE INFORMACIÓN LOCAL (OCLC)
a 720.9 V61
w DEWEY
c 1
i 71150
l CCODEBUL1
m BUL
p 51.74
r 0
s Y
t BOOK
u 2015-5-13
x INGENIERIA
-- P06
0 COMPRA
o .STAFF. Colección General
949 ## - PROCESAMIENTO DE INFORMACIÓN LOCAL (OCLC)
a 720.9 V61
w DEWEY
c 2
i 72886
l CCODEBUL1
m BUL
p 42.16
r 0
s Y
t BOOK
u 2016-5-4
x INGENIERIA
-- P24
0 COMPRA
o .STAFF. Colección General
994 ## -
-- C0
-- PEPRU
999 ## - NÚMEROS DE CONTROL DE SISTEMA (KOHA)
-- DEWEY
-- 71150
-- 2021-11-10
-- 7
-- CCODEBUL1
-- BUL
-- 51.74
-- 1
-- 0
-- Y
-- BOOK
-- 2015-5-13
-- INGENIERIA
-- P06
-- COMPRA
-- .STAFF. Colección General
999 ## - NÚMEROS DE CONTROL DE SISTEMA (KOHA)
-- DEWEY
-- 72886
-- 2021-11-9
-- 7
-- CCODEBUL1
-- BUL
-- 42.16
-- 0
-- Y
-- BOOK
-- 2016-5-4
-- INGENIERIA
-- P24
-- COMPRA
-- .STAFF. Colección General
980 ## - EQUIVALENCIA O REFERENCIA-CRUZADA-MENCIÓN DE SERIE--NOMBRE DE PERSONA/TÍTULO [LOCAL, CANADÁ]
ID del último usuario que modificó el registro 1
Nombre del último usuario que modificó el registro ALBERTO SANCHEZ Responsable de Automatización
Existencias
Visto por última vez Número de inventario Total de préstamos Signatura topográfica completa Código de barras Copia número Coste, precio de reemplazo Fecha de reemplazo Facultad Tipo de ítem Koha Nota pública Estado de pérdida Fuente del sistema de clasificación o colocación Restricciones de uso No para préstamo Colección Programa académico Biblioteca de origen Biblioteca actual Ubicación en estantería Fecha de adquisición Fuente de adquisición Coste, precio normal de compra
2025-12-03 8   720.9 V61 71150 e1 56.74 2015-05-13 FIA Libros físicos inventario-2023-12-13 No Perdido Clasificación Decimal Dewey No restringido Disponible para préstamos Colección General Arquitectura Biblioteca CRAI UPeU Lima Biblioteca CRAI UPeU Lima Sala principal 2015-05-13 COMPRA 51.74
2025-12-03 8   720.9 V61 72886 e2 47.16 2016-05-04 FIA Libros físicos inventario-2023-12-13 No Perdido Clasificación Decimal Dewey No restringido Disponible para préstamos Colección General Arquitectura Biblioteca CRAI UPeU Lima Biblioteca CRAI UPeU Lima Sala principal 2016-05-04 COMPRA 42.16